00597nam a2200205Ia 4500003000400000005001700004008004100021020001800062040001800080041000800098082001800106100001800124245005700142250001200199260005800211300002000269650004400289650002000333650003800353OSt20240802143933.0210716s2016 xx 000 0 und d a9789385915048 cAIMIT LIBRARY aeng a005.73 2FARA aFaruqi, Anam. aDesign and analysis of algorithms /cBy Anam Faruqi. a1st ed. aNew Delhi :bCBS Publishers and Distributors ,c2016. avii,262 p.;bPB aTechniques for the design of algorithms aData structures aDesign and analysis of algorithms